MARC details
| 000 -LEADER |
| fixed length control field |
01102cam a2200349Ia 4500 |
| 001 - CONTROL NUMBER |
| control field |
27866217 |
| 003 - CONTROL NUMBER IDENTIFIER |
| control field |
OCoLC |
| 005 - DATE AND TIME OF LATEST TRANSACTION |
| control field |
20240515194441.0 |
| 008 - FIXED-LENGTH DATA ELEMENTS--GENERAL INFORMATION |
| fixed length control field |
930406s1993 maua j 000 0 spa d |
| 010 ## - LIBRARY OF CONGRESS CONTROL NUMBER |
| LC control number |
93070039 |
| 020 ## - INTERNATIONAL STANDARD BOOK NUMBER |
| International Standard Book Number |
0881064211 (pbk. : |
| Terms of availability |
$6.95 |
| 020 ## - INTERNATIONAL STANDARD BOOK NUMBER |
| International Standard Book Number |
9780881064216 (pbk.) |
| 020 ## - INTERNATIONAL STANDARD BOOK NUMBER |
| International Standard Book Number |
0881066419 (library reinforced) |
| 040 ## - CATALOGING SOURCE |
| Original cataloging agency |
UUP |
| Transcribing agency |
UUP |
| Modifying agency |
AZU |
| -- |
CAW |
| -- |
DMP |
| 041 1# - LANGUAGE CODE |
| Language code of text/sound track or separate title |
spa |
| Language code of original |
eng |
| 043 ## - GEOGRAPHIC AREA CODE |
| Geographic area code |
sa----- |
| 082 ## - DEWEY DECIMAL CLASSIFICATION NUMBER |
| Classification number |
574.526 |
| 090 ## - LOCALLY ASSIGNED LC-TYPE CALL NUMBER (OCLC); LOCAL CALL NUMBER (OCLC) |
| Classification number (OCLC) (R) ; Classification number, CALL (RLIN) (NR) |
QH541.5.R27 |
| Local cutter number (OCLC) ; Book number/undivided call number, CALL (RLIN) |
W5518 1993 |
| 092 ## - LOCALLY ASSIGNED DEWEY CALL NUMBER (OCLC) |
| Classification number |
468 |
| Item number |
WIL |
| 100 1# - MAIN ENTRY--PERSONAL NAME |
| Personal name |
Willow, Diane. |
| 240 10 - UNIFORM TITLE |
| Uniform title |
<a href="At home in the rain forest.">At home in the rain forest.</a> |
| Language of a work |
Spanish. |
| 245 10 - TITLE STATEMENT |
| Title |
Dentro de la selva tropical / |
| Statement of responsibility, etc. |
por Diane Willow ; illustrado por Laura Jacques. |
| 260 ## - PUBLICATION, DISTRIBUTION, ETC. (IMPRINT) |
| Place of publication, distribution, etc. |
Watertown, MA : |
| Name of publisher, distributor, etc. |
Charlesbridge, |
| Date of publication, distribution, etc. |
c1993. |
| 300 ## - PHYSICAL DESCRIPTION |
| Extent |
[31] p. : |
| Other physical details |
col. ill. ; |
| Dimensions |
27 cm. |
| 500 ## - GENERAL NOTE |
| General note |
Translation of: At home in the rain forest. |
| 520 ## - SUMMARY, ETC. |
| Summary, etc. |
Introduction to life on the Amazon rain forest. |
| 650 #0 - SUBJECT ADDED ENTRY--TOPICAL TERM |
| Topical term or geographic name as entry element |
Rain forest ecology. |
| 650 #0 - SUBJECT ADDED ENTRY--TOPICAL TERM |
| Topical term or geographic name as entry element |
Rain forests |
| Geographic subdivision |
Amazon River Region. |
| 655 #0 - INDEX TERM--GENRE/FORM |
| Genre/form data or focus term |
Spanish language materials. |
| 700 1# - ADDED ENTRY--PERSONAL NAME |
| Personal name |
Jacques, Laura. |
| 942 ## - ADDED ENTRY ELEMENTS (KOHA) |
| Source of classification or shelving scheme |
Dewey Decimal Classification |
| Koha item type |
Libro/Book |